000 00634nam a2200253Ia 4500
005 20260121160919.0
008 008 260114s9999 xx 000 0 eng d
020 _a9781315758862
037 _aEBOOK
040 _aCRL
040 _beng
040 _cCRL
041 _2eng
041 _aeng
084 _qCRL
100 _a Gavin Poynter; Valerie Viehoff; Yang Li
_91037876
245 4 _aThe London Olympics and Urban Development
260 _bTaylor and Francis
260 _c2016
856 _uhttp://www.taylorfrancis.com/books/9781315758862
942 _cEBOOK
999 _c1604692
_d1604692